Представление документа в формате MARC21

Поле Инд. ПП Название Значение
Тип записи a
Библиографический уровень m
001 Контрольный номер RU/IS/BASE/124203256
005 Дата корректировки 20240312120030.7
020 00 a ISBN 5-07-002854-5
084 a Индекс другой классификации/Индекс ББК 60.50я73
097 00 a 240
100 10 a Автор Тадевосян Э. В.
q Полное имя Тадевосян Эдуард Врамович
245 00 a Заглавие Социология
b Продолж. заглавия учебное пособие
c Ответственность редактор Л. К. Кравцова
250 00 a Основные сведения об издании 2-е изд., испр. и доп.
260 00 a Место издания Москва
b Издательство Знание
c Дата издания 1999
300 00 a Объем 272 с.
336 a Термин вида содержания Текст
337 a Термин типа средства электронный
504 a Библиография Лит.
600 14 a Персоналии Вебер Макс
a Персоналии Данилевский Николай Яковлевич
a Персоналии Дюркгейм Эмиль
a Персоналии Зиммель Георг
a Персоналии Кареев Николай Иванович
a Персоналии Ковалевский Максим Максимович
a Персоналии Конт Огюст
a Персоналии Лавров Петр Лаврович
a Персоналии Ленин Владимир Ильич
a Персоналии Мечников Лев Ильич
a Персоналии Михайловский Николай Константинович
a Персоналии Парето Вильфредо
a Персоналии Петражицкий Лев Иосифович
a Персоналии Плеханов Георгий Валентинович
a Персоналии Сорокин Питирим Александрович
a Персоналии Спенсер Герберт
650 04 a Основная рубрика социология
653 00 a Ключевые слова XIX век
a Ключевые слова XX век
a Ключевые слова анализ данных
a Ключевые слова законы социологии
a Ключевые слова индивид
a Ключевые слова интегральная социология
a Ключевые слова история
a Ключевые слова история социологии
a Ключевые слова категории социологии
a Ключевые слова конфликтология
a Ключевые слова культура
a Ключевые слова личность
a Ключевые слова марксизм
a Ключевые слова методология
a Ключевые слова методы
a Ключевые слова мобильность
a Ключевые слова наука
a Ключевые слова новейшее время
a Ключевые слова новое время
a Ключевые слова нормы
a Ключевые слова обработка данных
a Ключевые слова общесоциологическая теория
a Ключевые слова общество
a Ключевые слова позитивизм
a Ключевые слова политико-социологические теории
a Ключевые слова политическая социология
a Ключевые слова политология
a Ключевые слова природа
a Ключевые слова прогресс
a Ключевые слова революция
a Ключевые слова регресс
a Ключевые слова символический интеракционизм
a Ключевые слова современное состояние
a Ключевые слова социализация индивида
a Ключевые слова социальная стратификация
a Ключевые слова социальная структура
a Ключевые слова социальная философия
a Ключевые слова социальное
a Ключевые слова социальное измерение
a Ключевые слова социальное развитие
a Ключевые слова социальные группы
a Ключевые слова социальные изменения
a Ключевые слова социальные институты
a Ключевые слова социальные организации
a Ключевые слова социальные отклонения
a Ключевые слова социальные системы
a Ключевые слова социальные ценности
a Ключевые слова социальный контроль
a Ключевые слова социологическая мысль
a Ключевые слова социологические направления
a Ключевые слова социологические школы
a Ключевые слова социологическое исследование
a Ключевые слова социология конфликта
a Ключевые слова социология образования
a Ключевые слова социология политики
a Ключевые слова социология права
a Ключевые слова статус
a Ключевые слова структурный функционализм
a Ключевые слова теория ролей
a Ключевые слова типизация обществ
a Ключевые слова феноменологическая социология
a Ключевые слова ценности
a Ключевые слова эволюция
a Ключевые слова экономическая социология
a Ключевые слова эмпирическая социология
a Ключевые слова этнометодология
655 00 a Жанр/ форма (устаревшее) учебное пособие
700 12 a Автор Кравцова Л. К.
e Роль лиц редактор
856 40 a Имя сервера/домена Библиотечная система Университета "Дубна"
d Путь http://lib.uni-dubna.ru/MegaPRO/Web
i Указания/сценарий входа Доступ по номеру читательского билета и фамилии читателя
u URL http://lib.uni-dubna.ru/MegaPro/UserEntry?Action=FindDocs&ids=26114&idb=ec_110
y Справочный текст Электронная версия
900 a Имя электронного ресурса Tadevosyan_Sociologia
x Справочная информация Полный текст
901 t Тип документа 0
952 a Тип литературы для КСУ ВШ УИ